El lugar de los adultos frente a los niños y los jóvenes : aportes para la construcción de la comunidad educativa /
Guardado en:
| Formato: | Libro |
|---|---|
| Publicado: |
Buenos Aires :
Ministerio de Educación, Ciencia y Tecnología de la Nación,
2007
|
| Materias: | |
| Etiquetas: |
Agregar Etiqueta
Sin Etiquetas, Sea el primero en etiquetar este registro!
|
| LEADER | 01203nam a22001935a 4500 | ||
|---|---|---|---|
| 001 | CEM.cems013684 | ||
| 005 | 20120612170402.0 | ||
| 008 | 130507s2007##################000#0#####d | ||
| 003 | CEMS | ||
| 020 | |a 7989500005906 | ||
| 082 | 0 | 4 | |a 371.5 |
| 245 | 0 | 0 | |a El lugar de los adultos frente a los niños y los jóvenes : |b aportes para la construcción de la comunidad educativa / |c Observatorio Argentino de Violencia En Las Escuelas |
| 260 | |a Buenos Aires : |b Ministerio de Educación, Ciencia y Tecnología de la Nación, |c 2007 | ||
| 300 | |a 77 p. | ||
| 505 | 0 | |a La comunidad -- ¿Qué significa que los adultos de una comunidad cuiden a sus niños y sus jóvenes? -- El rol de la comunidad educativa en el cuidado de los niños y los jóvenes -- Los niños y los jóvenes desde la mirada de los adultos -- Los adultos frente a los niños y los jóvenes -- La transmisión de la norma -- ¿Qué significa ser adulto? -- Sostener el lugar de adultos -- Los niños y los jóvenes como sujetos de derechos -- propuestas de actividades para el trabajo de docentes | |
| 653 | |a Educación | ||
| 653 | |a Comunidad educativa | ||
| 653 | |a Violencia escolar | ||
| 859 | |a CEMS |b BIB. CEMS - 11 de abril |h 371.5 |i Ob76-1 |p 26378.12 |t Ej.1 | ||
